Türk Komedi Filmleri - Armageddon - Statistics

General Stats
  • This quiz has been taken 162 times
  • The average score is 13 of 30
Answers on the Grid
Answers color-coded by a green-red scale on the quiz's grid according to % correct below.
Hababam Sınıfı
Tosun Paşa
Koza
Duvar
Yol
Eyyvah Eyvah
Limonata
Mayıs Sıkıntısı
Üç Maymun
Gülen Gözler
Kapıcılar Kralı
Kibar Feyzo
Geçen Yaz
Japon İşi
Kış Uykusu
Yumurta
Çöl Kartalı
Neşeli Günler
Arkadaş
Recep İvedik
Sürü
Korkusuz Korkak
Endişe
Yahşi Batı
Anayurt Oteli
Salako
Milyarder
Süt Kardeşler
Oh Olsun
Dağ
Kasaba
Garip
Ejder Kapanı
Baraj
Üç Kağıtçı
Ayla
Köyden İndim Şehire
Davaro
Aile Arasında
Yüz Numaralı Adam
İklimler
G.O.R.A.
Umutsuzlar
Ezo Gelin
Tokatçı
Uzak
Yarınsız Adam
Kılıbık
Dila Hanım
Mavi Boncuk
Vesikalı Yarim
Celal ile Ceren
Arabesk
Bir Çirkin Adam
Vizontele
Ağır Roman
Rüzgara Bırak
Türk Pasaportu
Ahlat Ağacı
Zübük
 
Answer Stats
Answer % Correct
Hababam Sınıfı
96%
Tosun Paşa
84%
Eyyvah Eyvah
78%
Kapıcılar Kralı
59%
Kibar Feyzo
59%
Recep İvedik
56%
Neşeli Günler
55%
Süt Kardeşler
52%
Köyden İndim Şehire
51%
Üç Kağıtçı
49%
G.O.R.A.
47%
Salako
47%
Vizontele
47%
Aile Arasında
46%
Yahşi Batı
46%
Celal ile Ceren
44%
Gülen Gözler
43%
Korkusuz Korkak
42%
Japon İşi
38%
Tokatçı
38%
Yüz Numaralı Adam
37%
Davaro
35%
Zübük
33%
Mavi Boncuk
29%
Oh Olsun
29%
Milyarder
28%
Kılıbık
26%
Limonata
21%
Garip
15%
Arabesk
8%
No matching quizzes found
Score Distribution
Percent of People with Each Score
Percentile by Number Answered
Your Score History
You have not taken this quiz